[Event "DVM U16 2019"]
[Site "Magdeburg GER"]
[Date "2019.12.30"]
[Round "7"]
[White "Bosselmann, Tom Linus"]
[Black "Post, Hugo"]
[Result "0-1"]
[Termination "normal"]
[Board "1.1"]
[WhiteElo "2077"]
[BlackElo "2181"]
[WhiteClock "00:04:39"]
[BlackClock "00:18:56"]
[WhiteTeam "Lübecker SV von 1873"]
[BlackTeam "Reideburger SV 90 Halle"]
[PlyCount "97"]
[WhiteFideId "12983845"]
[BlackFideId "12962490"]
[EventCountry "GER"]
[EventRounds "7"]
[EventType "team-swiss"]
[EventDate "2019.12.26"]

1. e4 {[%clk 1:30:57]} c5 {[%clk 1:30:51]} 2. Nf3 {[%clk 1:31:22]} d6 {[%clk
1:31:06]} 3. d4 {[%clk 1:31:47]} cxd4 {[%clk 1:31:26]} 4. Nxd4 {[%clk 1:32:10]}
Nf6 {[%clk 1:31:47]} 5. Nc3 {[%clk 1:32:35]} e6 {[%clk 1:30:56]} 6. Be3 {[%clk
1:30:01]} a6 {[%clk 1:30:54]} 7. f3 {[%clk 1:28:03]} b5 {[%clk 1:30:18]} 8. Qd2
{[%clk 1:23:13]} Nbd7 {[%clk 1:29:26]} 9. g4 {[%clk 1:19:58]} h6 {[%clk
1:29:26]} 10. O-O-O {[%clk 1:18:38]} b4 {[%clk 1:29:00]} 11. Nce2 {[%clk
1:14:51]} Qc7 {[%clk 1:27:40]} 12. Kb1 {[%clk 1:10:47]} d5 {[%clk 1:22:16]} 13.
Ng3 {[%clk 0:40:40]} Bb7 {[%clk 1:15:37]} 14. Bd3 {[%clk 0:35:42]} O-O-O {[%clk
0:46:20]} 15. Qe2 {[%clk 0:30:49]} Nc5 {[%clk 0:44:50]} 16. Nb3 {[%clk
0:30:30]} dxe4 {[%clk 0:40:58]} 17. Nxe4 {[%clk 0:21:44]} Ncxe4 {[%clk
0:36:46]} 18. fxe4 {[%clk 0:21:51]} Nxe4 {[%clk 0:27:53]} 19. Bxe4 {[%clk
0:17:39]} Bxe4 {[%clk 0:25:54]} 20. Qxa6+ {[%clk 0:18:06]} Bb7 {[%clk 0:25:54]}
21. Rxd8+ {[%clk 0:18:12]} Qxd8 {[%clk 0:25:42]} 22. Qc4+ {[%clk 0:17:25]} Qc7
{[%clk 0:26:08]} 23. Qxc7+ {[%clk 0:17:36]} Kxc7 {[%clk 0:26:37]} 24. Rf1
{[%clk 0:17:31]} f6 {[%clk 0:22:47]} 25. Nc5 {[%clk 0:16:57]} Bd5 {[%clk
0:22:08]} 26. h4 {[%clk 0:09:25]} Bd6 {[%clk 0:20:24]} 27. Nd3 {[%clk 0:08:28]}
Kc6 {[%clk 0:16:58]} 28. b3 {[%clk 0:07:37]} e5 {[%clk 0:15:52]} 29. Bd2 {[%clk
0:07:21]} Kb5 {[%clk 0:14:05]} 30. Kb2 {[%clk 0:04:00]} Be6 {[%clk 0:13:24]}
31. c4+ {[%clk 0:03:41]} bxc3+ {[%clk 0:13:21]} 32. Bxc3 {[%clk 0:03:32]} Bxg4
{[%clk 0:11:48]} 33. a4+ {[%clk 0:03:51]} Kb6 {[%clk 0:09:00]} 34. Rg1 {[%clk
0:03:45]} h5 {[%clk 0:07:34]} 35. Nf2 {[%clk 0:03:24]} Bc5 {[%clk 0:06:28]} 36.
Be1 {[%clk 0:02:35]} Rd8 {[%clk 0:06:12]} 37. Rg2 {[%clk 0:01:47]} f5 {[%clk
0:03:46]} 38. b4 {[%clk 0:01:28]} Be7 {[%clk 0:03:00]} 39. Nxg4 {[%clk
0:01:28]} hxg4 {[%clk 0:03:24]} 40. Bc3 {[%clk 0:01:22]} Bf6 {[%clk 0:02:02]}
41. Kc2 {[%clk 0:29:05]} e4 {[%clk 0:26:52]} 42. Bxf6 {[%clk 0:21:36]} gxf6
{[%clk 0:27:21]} 43. Kc3 {[%clk 0:20:58]} e3 {[%clk 0:25:18]} 44. a5+ {[%clk
0:11:11]} Kb5 {[%clk 0:23:57]} 45. a6 {[%clk 0:10:21]} Kxa6 {[%clk 0:23:12]}
46. h5 {[%clk 0:10:21]} f4 {[%clk 0:21:36]} 47. h6 {[%clk 0:04:38]} f3 {[%clk
0:19:01]} 48. Ra2+ {[%clk 0:04:39]} Kb7 {[%clk 0:18:56]} 49. Kd4 0-1

[Event "DVM U16 2019"]
[Site "Magdeburg GER"]
[Date "2019.12.30"]
[Round "7"]
[White "Dietz, Florian"]
[Black "Rietschel, Tilo"]
[Result "1/2-1/2"]
[Termination "normal"]
[Board "1.2"]
[WhiteElo "2116"]
[BlackElo "2005"]
[WhiteClock "00:03:43"]
[BlackClock "00:01:22"]
[WhiteTeam "Reideburger SV 90 Halle"]
[BlackTeam "Lübecker SV von 1873"]
[PlyCount "121"]
[WhiteFideId "12939897"]
[BlackFideId "16208390"]
[EventCountry "GER"]
[EventRounds "7"]
[EventType "team-swiss"]
[EventDate "2019.12.26"]

1. e4 {[%clk 1:30:56]} c5 {[%clk 1:30:52]} 2. Nf3 {[%clk 1:31:20]} d6 {[%clk
1:31:18]} 3. d4 {[%clk 1:31:45]} cxd4 {[%clk 1:31:43]} 4. Nxd4 {[%clk 1:32:12]}
Nf6 {[%clk 1:32:05]} 5. Nc3 {[%clk 1:32:35]} g6 {[%clk 1:32:31]} 6. Be3 {[%clk
1:32:45]} Bg7 {[%clk 1:32:55]} 7. f3 {[%clk 1:32:29]} O-O {[%clk 1:33:18]} 8.
Bc4 {[%clk 1:32:42]} Nc6 {[%clk 1:32:52]} 9. Qd2 {[%clk 1:32:54]} Bd7 {[%clk
1:29:29]} 10. O-O-O {[%clk 1:33:02]} Rc8 {[%clk 1:23:55]} 11. Bb3 {[%clk
1:32:21]} Ne5 {[%clk 1:24:19]} 12. Kb1 {[%clk 1:32:24]} Nc4 {[%clk 1:20:47]}
13. Bxc4 {[%clk 1:32:35]} Rxc4 {[%clk 1:21:10]} 14. g4 {[%clk 1:29:44]} Qb8
{[%clk 1:14:11]} 15. h4 {[%clk 1:17:38]} b5 {[%clk 1:08:27]} 16. h5 {[%clk
1:12:44]} b4 {[%clk 1:05:58]} 17. Nd5 {[%clk 1:11:47]} Nxd5 {[%clk 1:01:08]}
18. exd5 {[%clk 1:12:05]} g5 {[%clk 0:47:47]} 19. h6 {[%clk 1:06:50]} Be5
{[%clk 0:37:43]} 20. Nb3 {[%clk 1:02:11]} f6 {[%clk 0:34:40]} 21. Na5 {[%clk
0:58:22]} Rc5 {[%clk 0:26:43]} 22. Bxc5 {[%clk 0:54:08]} dxc5 {[%clk 0:27:06]}
23. Nc6 {[%clk 0:53:30]} Bxc6 {[%clk 0:26:18]} 24. dxc6 {[%clk 0:53:56]} Qd6
{[%clk 0:26:06]} 25. Qd5+ {[%clk 0:46:50]} Qxd5 {[%clk 0:24:00]} 26. Rxd5
{[%clk 0:47:16]} Bd6 {[%clk 0:23:20]} 27. Rhd1 {[%clk 0:43:26]} Rc8 {[%clk
0:21:09]} 28. Rxd6 {[%clk 0:43:24]} exd6 {[%clk 0:21:31]} 29. Rxd6 {[%clk
0:43:49]} Kf7 {[%clk 0:21:17]} 30. Kc1 {[%clk 0:43:34]} Rc7 {[%clk 0:21:24]}
31. Kd2 {[%clk 0:25:54]} Ke7 {[%clk 0:20:20]} 32. Rd5 {[%clk 0:25:54]} Rxc6
{[%clk 0:18:12]} 33. Kd3 {[%clk 0:26:07]} c4+ {[%clk 0:16:49]} 34. Kd4 {[%clk
0:26:20]} c3 {[%clk 0:17:03]} 35. bxc3 {[%clk 0:16:53]} Rxc3 {[%clk 0:13:24]}
36. Ra5 {[%clk 0:16:44]} Kf7 {[%clk 0:12:02]} 37. Rxa7+ {[%clk 0:11:52]} Kg6
{[%clk 0:12:20]} 38. Ke4 {[%clk 0:07:05]} Rxc2 {[%clk 0:11:23]} 39. Ra6 {[%clk
0:06:30]} Rc4+ {[%clk 0:09:47]} 40. Ke3 {[%clk 0:05:06]} Rf4 {[%clk 0:08:29]}
41. Rd6 {[%clk 0:04:52]} Rc4 {[%clk 0:00:38]} 42. Rd4 {[%clk 0:15:51]} Rc3+
{[%clk 0:25:02]} 43. Ke4 {[%clk 0:13:57]} Rc2 {[%clk 0:22:03]} 44. Rxb4 {[%clk
0:13:59]} Rxa2 {[%clk 0:22:27]} 45. f4 {[%clk 0:10:50]} gxf4 {[%clk 0:19:07]}
46. Kxf4 {[%clk 0:11:12]} Rf2+ {[%clk 0:17:31]} 47. Kg3 {[%clk 0:09:56]} Rf1
{[%clk 0:16:36]} 48. Rb8 {[%clk 0:08:27]} Ra1 {[%clk 0:10:26]} 49. Rb6 {[%clk
0:05:59]} Kg5 {[%clk 0:07:57]} 50. Rb5+ {[%clk 0:03:49]} Kxh6 {[%clk 0:08:17]}
51. Rh5+ {[%clk 0:04:05]} Kg6 {[%clk 0:08:27]} 52. Kf4 {[%clk 0:03:56]} Ra4+
{[%clk 0:07:27]} 53. Kf3 {[%clk 0:04:10]} Ra1 {[%clk 0:07:30]} 54. Kf4 {[%clk
0:04:09]} Re1 {[%clk 0:07:22]} 55. Kf3 {[%clk 0:04:00]} Re5 {[%clk 0:06:56]}
56. Rh1 {[%clk 0:04:17]} Ra5 {[%clk 0:02:43]} 57. Kf4 {[%clk 0:04:01]} Ra3
{[%clk 0:01:59]} 58. Rh5 {[%clk 0:03:42]} Ra1 {[%clk 0:02:10]} 59. Kf3 {[%clk
0:03:28]} Ra3+ {[%clk 0:01:05]} 60. Kf4 {[%clk 0:03:43]} Ra4+ {[%clk 0:01:22]}
61. Ke4 1/2-1/2

[Event "DVM U16 2019"]
[Site "Magdeburg GER"]
[Date "2019.12.30"]
[Round "7"]
[White "Glinzner, Alva"]
[Black "Henning, Marvin"]
[Result "0-1"]
[Termination "normal"]
[Board "1.3"]
[WhiteElo "1812"]
[BlackElo "1972"]
[WhiteClock "00:30:30"]
[BlackClock "00:02:22"]
[WhiteTeam "Lübecker SV von 1873"]
[BlackTeam "Reideburger SV 90 Halle"]
[PlyCount "67"]
[WhiteFideId "16206169"]
[BlackFideId "12957399"]
[EventCountry "GER"]
[EventRounds "7"]
[EventType "team-swiss"]
[EventDate "2019.12.26"]

1. e4 {[%clk 1:30:58]} d5 {[%clk 1:30:55]} 2. exd5 {[%clk 1:31:17]} Qxd5 {[%clk
1:31:23]} 3. Nc3 {[%clk 1:31:27]} Qd6 {[%clk 1:31:47]} 4. d4 {[%clk 1:31:28]}
Nf6 {[%clk 1:32:10]} 5. Nf3 {[%clk 1:31:27]} a6 {[%clk 1:32:35]} 6. g3 {[%clk
1:30:41]} Bg4 {[%clk 1:32:40]} 7. Bg2 {[%clk 1:30:51]} Nc6 {[%clk 1:32:31]} 8.
O-O {[%clk 1:29:55]} O-O-O {[%clk 1:31:54]} 9. d5 {[%clk 1:28:02]} Nb4 {[%clk
1:30:41]} 10. Bf4 {[%clk 1:05:38]} Qb6 {[%clk 1:19:16]} 11. Na4 {[%clk
0:58:19]} Qa5 {[%clk 1:17:48]} 12. c4 {[%clk 0:56:28]} e5 {[%clk 1:04:40]} 13.
Bxe5 {[%clk 0:49:44]} Nfxd5 {[%clk 1:03:53]} 14. cxd5 {[%clk 0:30:13]} Rxd5
{[%clk 1:04:08]} 15. Qb3 {[%clk 0:28:38]} Bxf3 {[%clk 0:57:46]} 16. Qxf3 {[%clk
0:22:41]} Rxe5 {[%clk 0:56:50]} 17. Qxb7+ {[%clk 0:22:38]} Kd7 {[%clk 0:57:12]}
18. a3 {[%clk 0:17:43]} Qxa4 {[%clk 0:23:56]} 19. axb4 {[%clk 0:16:52]} Qb5
{[%clk 0:23:57]} 20. Qa8 {[%clk 0:13:43]} Re8 {[%clk 0:21:11]} 21. Qf3 {[%clk
0:11:15]} Bxb4 {[%clk 0:16:38]} 22. Rac1 {[%clk 0:08:10]} g6 {[%clk 0:01:46]}
23. Qxf7+ {[%clk 0:04:09]} Re7 {[%clk 0:02:15]} 24. Bh3+ {[%clk 0:02:42]} Kd8
{[%clk 0:02:42]} 25. Qf3 {[%clk 0:02:58]} Qb8 {[%clk 0:02:26]} 26. Rc6 {[%clk
0:00:43]} Qb7 {[%clk 0:01:32]} 27. Qf6 {[%clk 0:00:33]} Rg8 {[%clk 0:01:37]}
28. Rd1+ {[%clk 0:00:34]} Ke8 {[%clk 0:01:48]} 29. Re6 {[%clk 0:00:35]} Qb5
{[%clk 0:01:53]} 30. Rxe7+ Bxe7 {[%clk 0:02:21]} 31. Qe6 {[%clk 0:00:56]} Rf8
{[%clk 0:02:10]} 32. Qe3 {[%clk 0:00:33]} Qc5 {[%clk 0:01:54]} 33. Bd7+ {[%clk
0:00:37]} Kf7 {[%clk 0:02:22]} 34. Qe2 {[%clk 0:30:30]} 0-1

[Event "DVM U16 2019"]
[Site "Magdeburg GER"]
[Date "2019.12.30"]
[Round "7"]
[White "Hundrieser, Malte"]
[Black "Bornholdt, Joa Max"]
[Result "0-1"]
[Termination "normal"]
[Board "1.4"]
[WhiteElo "2003"]
[BlackElo "1890"]
[WhiteClock "00:07:50"]
[BlackClock "00:05:24"]
[WhiteTeam "Reideburger SV 90 Halle"]
[BlackTeam "Lübecker SV von 1873"]
[PlyCount "62"]
[WhiteFideId "12997153"]
[BlackFideId "16253477"]
[EventCountry "GER"]
[EventRounds "7"]
[EventType "team-swiss"]
[EventDate "2019.12.26"]

1. e4 {[%clk 1:30:56]} e5 {[%clk 1:30:53]} 2. Nc3 {[%clk 1:31:15]} Nc6 {[%clk
1:30:30]} 3. g3 {[%clk 1:31:23]} Bc5 {[%clk 1:29:52]} 4. Bg2 {[%clk 1:31:17]}
d6 {[%clk 1:28:26]} 5. Nge2 {[%clk 1:31:00]} Be6 {[%clk 1:25:26]} 6. O-O {[%clk
1:30:51]} Qd7 {[%clk 1:25:20]} 7. Nd5 {[%clk 1:29:39]} Nce7 {[%clk 1:21:53]} 8.
d4 {[%clk 1:24:31]} exd4 {[%clk 1:19:35]} 9. Nxd4 {[%clk 1:24:28]} Bxd5 {[%clk
1:13:55]} 10. exd5 {[%clk 1:24:29]} Nf6 {[%clk 1:14:00]} 11. c4 {[%clk
1:23:52]} Qg4 {[%clk 1:06:54]} 12. Be3 {[%clk 1:16:52]} Qxd1 {[%clk 1:03:57]}
13. Raxd1 {[%clk 1:16:34]} Ng4 {[%clk 0:48:51]} 14. Bc1 {[%clk 1:11:37]} Ne5
{[%clk 0:40:47]} 15. b3 {[%clk 1:10:20]} O-O {[%clk 0:37:01]} 16. Nc2 {[%clk
1:05:55]} a5 {[%clk 0:34:26]} 17. Be3 {[%clk 1:04:45]} Bxe3 {[%clk 0:33:42]}
18. Nxe3 {[%clk 1:04:45]} Rfe8 {[%clk 0:28:23]} 19. Rfe1 {[%clk 1:01:34]} Nd7
{[%clk 0:22:23]} 20. g4 {[%clk 0:53:49]} Ng6 {[%clk 0:19:24]} 21. Rd4 {[%clk
0:44:37]} Nde5 {[%clk 0:16:45]} 22. f3 {[%clk 0:42:47]} Nf4 {[%clk 0:14:42]}
23. Re4 {[%clk 0:27:02]} Ned3 {[%clk 0:09:48]} 24. Rd1 {[%clk 0:26:35]} a4
{[%clk 0:09:27]} 25. Bf1 {[%clk 0:23:10]} Rxe4 {[%clk 0:09:26]} 26. fxe4 {[%clk
0:23:27]} Nc5 {[%clk 0:08:18]} 27. b4 {[%clk 0:16:26]} Nxe4 {[%clk 0:07:25]}
28. Rd4 {[%clk 0:11:28]} Re8 {[%clk 0:07:14]} 29. Nc2 {[%clk 0:11:22]} Ng6
{[%clk 0:05:44]} 30. Kg2 {[%clk 0:08:47]} Nh4+ {[%clk 0:05:25]} 31. Kh3 {[%clk
0:07:50]} Nf3 {[%clk 0:05:24]} 0-1

[Event "DVM U16 2019"]
[Site "Magdeburg GER"]
[Date "2019.12.30"]
[Round "7"]
[White "Nguyen, Alex Dac-Vuong"]
[Black "Köllner, Ruben Gideon"]
[Result "0-1"]
[Termination "normal"]
[Board "2.1"]
[WhiteTitle "FM"]
[BlackTitle "FM"]
[WhiteElo "2409"]
[BlackElo "2330"]
[WhiteClock "00:05:44"]
[BlackClock "00:07:49"]
[WhiteTeam "Schachgemeinschaft Leipzig"]
[BlackTeam "Schachgesellschaft Bochum 1931"]
[PlyCount "144"]
[WhiteFideId "12984388"]
[BlackFideId "12993093"]
[EventCountry "GER"]
[EventRounds "7"]
[EventType "team-swiss"]
[EventDate "2019.12.26"]

1. e4 {[%clk 1:30:57]} d6 {[%clk 1:30:57]} 2. d4 {[%clk 1:31:19]} Nf6 {[%clk
1:31:24]} 3. Nc3 {[%clk 1:31:41]} e5 {[%clk 1:31:50]} 4. Nf3 {[%clk 1:32:00]}
Nbd7 {[%clk 1:32:12]} 5. Bc4 {[%clk 1:32:12]} Be7 {[%clk 1:32:38]} 6. a4 {[%clk
1:28:55]} O-O {[%clk 1:30:08]} 7. O-O {[%clk 1:28:11]} c6 {[%clk 1:29:27]} 8.
Qe2 {[%clk 1:23:52]} exd4 {[%clk 1:20:45]} 9. Nxd4 {[%clk 1:24:16]} Ne5 {[%clk
1:21:12]} 10. Rd1 {[%clk 1:14:31]} Nxc4 {[%clk 1:02:21]} 11. Qxc4 {[%clk
1:14:56]} Qa5 {[%clk 1:01:06]} 12. Bf4 {[%clk 1:11:13]} Rd8 {[%clk 0:58:16]}
13. Qe2 {[%clk 0:58:02]} Bf8 {[%clk 0:41:48]} 14. Nb3 {[%clk 0:56:59]} Qh5
{[%clk 0:37:24]} 15. Qxh5 {[%clk 0:56:21]} Nxh5 {[%clk 0:37:52]} 16. Be3 {[%clk
0:56:38]} f5 {[%clk 0:31:42]} 17. e5 {[%clk 0:40:50]} f4 {[%clk 0:28:49]} 18.
Bc5 {[%clk 0:41:11]} Bf5 {[%clk 0:26:44]} 19. Rxd6 {[%clk 0:38:16]} Bxd6 {[%clk
0:22:34]} 20. Bxd6 {[%clk 0:38:36]} g6 {[%clk 0:19:13]} 21. Nd4 {[%clk
0:36:19]} Ng7 {[%clk 0:18:03]} 22. Nce2 {[%clk 0:34:59]} Ne8 {[%clk 0:16:34]}
23. Nxf5 {[%clk 0:29:53]} gxf5 {[%clk 0:16:57]} 24. Bb4 {[%clk 0:30:15]} f3
{[%clk 0:13:36]} 25. gxf3 {[%clk 0:30:37]} Ng7 {[%clk 0:13:45]} 26. Bc3 {[%clk
0:15:34]} Kf7 {[%clk 0:12:26]} 27. f4 {[%clk 0:13:03]} Ne6 {[%clk 0:11:45]} 28.
f3 {[%clk 0:12:19]} Rd5 {[%clk 0:06:54]} 29. Kf2 {[%clk 0:12:07]} Rad8 {[%clk
0:05:27]} 30. Rg1 {[%clk 0:07:06]} Rg8 {[%clk 0:04:20]} 31. Rxg8 {[%clk
0:07:15]} Kxg8 {[%clk 0:04:45]} 32. Ng3 {[%clk 0:07:33]} Ng7 {[%clk 0:04:48]}
33. Ke2 {[%clk 0:07:52]} Kf7 {[%clk 0:05:02]} 34. b3 {[%clk 0:06:39]} Kg6
{[%clk 0:05:20]} 35. Bd2 {[%clk 0:04:07]} Ne6 {[%clk 0:04:50]} 36. Be3 {[%clk
0:02:23]} b6 {[%clk 0:04:04]} 37. c3 {[%clk 0:01:53]} c5 {[%clk 0:04:00]} 38.
Nh1 {[%clk 0:01:36]} c4 {[%clk 0:02:57]} 39. b4 {[%clk 0:01:58]} Rd3 {[%clk
0:02:52]} 40. Bd2 {[%clk 0:02:25]} a5 {[%clk 0:02:43]} 41. Nf2 {[%clk 0:02:47]}
Rd5 {[%clk 0:28:22]} 42. bxa5 {[%clk 0:26:59]} Rxa5 {[%clk 0:27:50]} 43. Nd1
{[%clk 0:27:12]} Nc7 {[%clk 0:10:17]} 44. Nb2 {[%clk 0:23:16]} Rc5 {[%clk
0:10:43]} 45. Kf2 {[%clk 0:21:47]} Nd5 {[%clk 0:09:35]} 46. Kg3 {[%clk
0:22:02]} b5 {[%clk 0:07:13]} 47. axb5 {[%clk 0:21:09]} Nb6 {[%clk 0:07:36]}
48. Be3 {[%clk 0:17:32]} Rxb5 {[%clk 0:08:01]} 49. Bxb6 {[%clk 0:17:57]} Rxb2
{[%clk 0:08:26]} 50. Bc5 {[%clk 0:16:53]} Rd2 {[%clk 0:07:33]} 51. e6 {[%clk
0:08:45]} Kf6 {[%clk 0:05:29]} 52. e7 {[%clk 0:09:11]} Kf7 {[%clk 0:05:55]} 53.
Ba3 {[%clk 0:07:35]} Rc2 {[%clk 0:05:52]} 54. Bb4 {[%clk 0:07:41]} Rb2 {[%clk
0:06:14]} 55. Bc5 {[%clk 0:06:26]} Rb3 {[%clk 0:06:38]} 56. Bd4 {[%clk
0:06:44]} Kxe7 {[%clk 0:07:05]} 57. Kh4 {[%clk 0:05:59]} Rb2 {[%clk 0:06:14]}
58. Kg5 {[%clk 0:06:24]} Rxh2 {[%clk 0:05:34]} 59. Kxf5 {[%clk 0:06:51]} Rg2
{[%clk 0:05:34]} 60. Bf6+ {[%clk 0:06:26]} Kf7 {[%clk 0:05:57]} 61. Bg5 {[%clk
0:06:32]} Rc2 {[%clk 0:05:17]} 62. Bf6 {[%clk 0:05:28]} h5 {[%clk 0:05:18]} 63.
Be5 {[%clk 0:04:14]} Rg2 {[%clk 0:05:44]} 64. Ke4 {[%clk 0:04:41]} h4 {[%clk
0:05:32]} 65. Kd5 {[%clk 0:04:14]} h3 {[%clk 0:05:37]} 66. f5 {[%clk 0:04:41]}
h2 {[%clk 0:06:02]} 67. Bxh2 {[%clk 0:05:08]} Rxh2 {[%clk 0:06:28]} 68. Kxc4
{[%clk 0:05:35]} Rh5 {[%clk 0:06:22]} 69. Kd5 {[%clk 0:05:08]} Rxf5+ {[%clk
0:06:47]} 70. Kd6 {[%clk 0:05:33]} Ke8 {[%clk 0:07:02]} 71. c4 {[%clk 0:05:19]}
Kd8 {[%clk 0:07:24]} 72. c5 {[%clk 0:05:44]} Rxf3 {[%clk 0:07:49]} 0-1

[Event "DVM U16 2019"]
[Site "Magdeburg GER"]
[Date "2019.12.30"]
[Round "7"]
[White "Biermann, Florian"]
[Black "Haufe, Laurin"]
[Result "1/2-1/2"]
[Termination "normal"]
[Board "2.2"]
[WhiteElo "2044"]
[BlackElo "2022"]
[WhiteClock "00:18:02"]
[BlackClock "00:02:41"]
[WhiteTeam "Schachgesellschaft Bochum 1931"]
[BlackTeam "Schachgemeinschaft Leipzig"]
[PlyCount "83"]
[WhiteFideId "12970069"]
[BlackFideId "12976504"]
[EventCountry "GER"]
[EventRounds "7"]
[EventType "team-swiss"]
[EventDate "2019.12.26"]

1. e4 {[%clk 1:30:59]} c5 {[%clk 1:30:54]} 2. Nf3 {[%clk 1:31:22]} d6 {[%clk
1:31:21]} 3. d3 {[%clk 1:31:27]} g6 {[%clk 1:31:29]} 4. g3 {[%clk 1:31:39]} Bg7
{[%clk 1:31:53]} 5. Bg2 {[%clk 1:31:35]} Nc6 {[%clk 1:29:26]} 6. O-O {[%clk
1:31:18]} e6 {[%clk 1:28:44]} 7. c3 {[%clk 1:31:09]} Nge7 {[%clk 1:28:39]} 8.
d4 {[%clk 1:22:14]} cxd4 {[%clk 1:28:50]} 9. cxd4 {[%clk 1:22:36]} Qb6 {[%clk
1:25:36]} 10. d5 {[%clk 1:20:19]} exd5 {[%clk 1:24:23]} 11. exd5 {[%clk
1:20:40]} Ne5 {[%clk 1:24:14]} 12. Nxe5 {[%clk 1:20:24]} Bxe5 {[%clk 1:21:34]}
13. Nd2 {[%clk 1:20:43]} Qc7 {[%clk 1:18:44]} 14. Qe2 {[%clk 1:14:15]} O-O
{[%clk 0:50:35]} 15. Nc4 {[%clk 1:11:42]} Bg7 {[%clk 0:45:23]} 16. Bf4 {[%clk
1:09:15]} Nf5 {[%clk 0:44:59]} 17. Rac1 {[%clk 1:07:44]} Qd8 {[%clk 0:44:53]}
18. Qd2 {[%clk 1:02:20]} b6 {[%clk 0:35:59]} 19. Rfe1 {[%clk 0:56:04]} Ba6
{[%clk 0:31:29]} 20. Qb4 {[%clk 0:43:17]} Bxc4 {[%clk 0:29:27]} 21. Rxc4 {[%clk
0:42:42]} a5 {[%clk 0:19:42]} 22. Qd2 {[%clk 0:41:07]} Qf6 {[%clk 0:18:04]} 23.
Rc6 {[%clk 0:38:12]} Qxb2 {[%clk 0:13:47]} 24. Qxb2 {[%clk 0:38:26]} Bxb2
{[%clk 0:14:11]} 25. Rxb6 {[%clk 0:37:38]} Bd4 {[%clk 0:13:37]} 26. Rc6 {[%clk
0:36:32]} Rab8 {[%clk 0:11:00]} 27. Be4 {[%clk 0:34:43]} Rb2 {[%clk 0:10:21]}
28. Rc2 {[%clk 0:35:02]} Re8 {[%clk 0:05:26]} 29. Rxb2 {[%clk 0:33:13]} Bxb2
{[%clk 0:05:51]} 30. Rb1 {[%clk 0:25:46]} Rxe4 {[%clk 0:05:57]} 31. Rxb2 {[%clk
0:26:06]} Rd4 {[%clk 0:04:15]} 32. Rd2 {[%clk 0:25:01]} Rc4 {[%clk 0:03:18]}
33. Kf1 {[%clk 0:23:13]} Kg7 {[%clk 0:02:23]} 34. Ke2 {[%clk 0:23:03]} Kf6
{[%clk 0:02:38]} 35. Kd3 {[%clk 0:22:23]} Rc5 {[%clk 0:03:01]} 36. Ke2 {[%clk
0:20:32]} g5 {[%clk 0:01:07]} 37. Be3 {[%clk 0:20:09]} Nxe3 {[%clk 0:01:33]}
38. Kxe3 {[%clk 0:19:18]} Ke5 {[%clk 0:01:49]} 39. f4+ {[%clk 0:18:30]} gxf4+
{[%clk 0:02:14]} 40. gxf4+ {[%clk 0:18:48]} Kf5 {[%clk 0:02:41]} 41. Rg2 {[%clk
0:18:02]} Ke5 42. Ke4+ 1/2-1/2

[Event "DVM U16 2019"]
[Site "Magdeburg GER"]
[Date "2019.12.30"]
[Round "7"]
[White "Wang, Ruiming"]
[Black "Biermann, Lenhard"]
[Result "1-0"]
[Termination "normal"]
[Board "2.3"]
[WhiteElo "1808"]
[BlackElo "2098"]
[WhiteClock "00:32:31"]
[BlackClock "00:00:34"]
[WhiteTeam "Schachgemeinschaft Leipzig"]
[BlackTeam "Schachgesellschaft Bochum 1931"]
[PlyCount "61"]
[WhiteFideId "16217659"]
[BlackFideId "12970077"]
[EventCountry "GER"]
[EventRounds "7"]
[EventType "team-swiss"]
[EventDate "2019.12.26"]

1. e4 {[%clk 1:30:56]} e6 {[%clk 1:30:56]} 2. d4 {[%clk 1:31:21]} d5 {[%clk
1:31:23]} 3. Nc3 {[%clk 1:31:45]} Bb4 {[%clk 1:31:49]} 4. exd5 {[%clk 1:32:04]}
exd5 {[%clk 1:32:07]} 5. Bd3 {[%clk 1:32:26]} Nf6 {[%clk 1:22:56]} 6. Nge2
{[%clk 1:30:05]} O-O {[%clk 1:22:51]} 7. O-O {[%clk 1:29:13]} c6 {[%clk
1:18:46]} 8. Bg5 {[%clk 1:26:13]} Nbd7 {[%clk 1:18:23]} 9. Ng3 {[%clk 1:20:24]}
h6 {[%clk 1:13:19]} 10. Bf4 {[%clk 1:17:43]} Re8 {[%clk 1:10:15]} 11. Nce2
{[%clk 1:11:11]} Ne4 {[%clk 1:01:20]} 12. c3 {[%clk 1:08:33]} Bf8 {[%clk
1:01:03]} 13. f3 {[%clk 1:07:18]} Nd6 {[%clk 0:59:00]} 14. b3 {[%clk 1:01:50]}
Nf6 {[%clk 0:36:35]} 15. Qc2 {[%clk 0:58:36]} Be6 {[%clk 0:34:04]} 16. Rfe1
{[%clk 0:57:00]} Rc8 {[%clk 0:32:44]} 17. Be5 {[%clk 0:51:52]} Bd7 {[%clk
0:16:03]} 18. Nf4 {[%clk 0:50:19]} Be7 {[%clk 0:12:08]} 19. Re2 {[%clk
0:47:34]} Qa5 {[%clk 0:08:45]} 20. Rae1 {[%clk 0:46:08]} Qb6 {[%clk 0:06:42]}
21. Nf5 {[%clk 0:44:15]} Bxf5 {[%clk 0:04:38]} 22. Bxf5 {[%clk 0:44:38]} Rcd8
{[%clk 0:04:43]} 23. g4 {[%clk 0:40:25]} Qa5 {[%clk 0:02:13]} 24. h4 {[%clk
0:40:27]} Qc7 {[%clk 0:00:50]} 25. g5 {[%clk 0:39:25]} hxg5 {[%clk 0:01:00]}
26. hxg5 {[%clk 0:39:52]} Nd7 {[%clk 0:01:23]} 27. g6 {[%clk 0:32:57]} Nxe5
{[%clk 0:01:19]} 28. Rxe5 {[%clk 0:32:35]} fxg6 {[%clk 0:00:40]} 29. Be6+
{[%clk 0:32:35]} Nf7 {[%clk 0:00:56]} 30. Qxg6 {[%clk 0:32:35]} Rf8 {[%clk
0:00:34]} 31. Rh5 {[%clk 0:32:31]} 1-0